Denis Villeneuve Cast - Sudden Death - Statistics

General Stats
  • This quiz has been taken 38 times
    35 since last reset
  • The average score is 17 of 30
Answers on the Grid
Answers color-coded by a green-red scale on the quiz's grid according to % correct below.
Hugh Jackman
Forest Whitaker
Richard Jenkins
Danny Aiello
Sting
Viola Davis
Paul Dano
Bryan Cranston
Rebecca Ferguson
Kyle Maclachlan
Ana de Armas
Jake Gyllenhaal
Maria Bello
Harrison Ford
Ryan Gosling
Hans Zimmer
Patrick Stewart
Lea Seydoux
Tom Cruise
Kenneth Branagh
Ming-Na Wen
Terrence Howard
Christopher Walken
John Leguizamo
Bobby Kimball
Dave Bautista
Robin Wright
Jessica Biel
Barkhad Abdi
Jeremy Renner
Billy Dee Williams
Anya Taylor-Joy
Stellan Skarsgard
Lennie James
Jason Momoa
Regina Hall
Javier Bardem
Oscar Isaac
Meg Ryan
Val Kilmer
Zendaya
Malcolm McDowell
Steve Lukather
Jon Bernthal
Austin Butler
Virginia Madsen
Daniel Kaluuya
Benicio del Toro
Josh Brolin
Amy Adams
 
Answer Stats
Answer % Correct
Harrison Ford
79%
Hugh Jackman
79%
Ryan Gosling
79%
Zendaya
79%
Austin Butler
74%
Paul Dano
74%
Stellan Skarsgard
74%
Amy Adams
68%
Ana de Armas
68%
Dave Bautista
68%
Jake Gyllenhaal
68%
Javier Bardem
68%
Rebecca Ferguson
68%
Benicio del Toro
63%
Christopher Walken
63%
Jeremy Renner
63%
Lea Seydoux
63%
Jason Momoa
58%
Josh Brolin
58%
Oscar Isaac
58%
Anya Taylor-Joy
47%
Forest Whitaker
47%
Jon Bernthal
37%
Robin Wright
37%
Viola Davis
37%
Daniel Kaluuya
32%
Terrence Howard
21%
Barkhad Abdi
11%
Lennie James
11%
Maria Bello
11%
No matching quizzes found
Score Distribution
Percent of People with Each Score
Percentile by Number Answered
Your Score History
You have not taken this quiz since the last reset